Statistics for Are You Living Under a ROCK?

Click here to take the quiz!

General Stats

  • This quiz has been taken 46 times
  • The average score is 3 of 5

Answer Stats

QuestionAnswer% Correct
Which actor famously portrayed the character of Captain Jack Sparrow in the "Pirates of the Caribbean" film series?A) Johnny Depp
91%
Which iconic TV show features a group of friends living in New York City and hanging out at a coffee shop called Central Perk?A) Friends
84%
Who won the Grammy Award for Album of the Year in 2020 with her album "When We All Fall Asleep, Where Do We Go?"?B) Billie Eilish
64%
In the Marvel Cinematic Universe, what is the name of Tony Stark's AI assistant, who later becomes the basis for his Iron Man suits' artificial intelligence?D) Jarvis
64%
What dance challenge became widely popular on TikTok in 2020, with users performing a simple, catchy dance to a song by rapper Megan Thee Stallion?C) Savage
34%

Score Distribution

Percentile by Number Answered

Percent of People with Each Score

Your Score History

You have not taken this quiz